|
|
|
|
| LEADER |
01114nam a2200277 a 4500 |
| 001 |
000052096 |
| 003 |
CZ BrMZK |
| 005 |
20070702100440.0 |
| 008 |
950313s1995 xr e p cze d |
| 020 |
|
|
|a 80-01-01397-9
|
| 040 |
|
|
|a BOA001
|b cze
|
| 080 |
|
|
|a 621.3
|2 MRF
|
| 080 |
|
|
|a (075.8)
|2 MRF
|
| 100 |
1 |
|
|a Kuba, Jan,
|d 1942-
|7 ntka173105
|4 aut
|
| 245 |
1 |
0 |
|a Technologické procesy /
|c Jan Kuba, Pavel Mach
|
| 250 |
|
|
|a Vyd. 1.
|
| 260 |
|
|
|a Praha :
|b České vysoké učení technické,
|c 1995
|
| 300 |
|
|
|a 166 s. :
|b il. ;
|c 30 cm
|
| 500 |
|
|
|a Určeno pro stud. 3. roč. stud. oboru Silnoproudá elektrotechnika fak. elektrotechn. Čes. vys. učení techn. v Praze. - Bibliogr.
|
| 650 |
0 |
7 |
|a elektrotechnologie
|7 ph119905
|2 czenas
|
| 655 |
|
7 |
|a učebnice vysokých škol
|7 fd133772
|2 czenas
|
| 700 |
1 |
|
|a Mach, Pavel,
|d 1947-
|7 ntka173283
|4 aut
|
| 910 |
|
|
|a BOA001
|b TK-A-0257.822
|
| 990 |
|
|
|a BK
|
| 996 |
7 |
|
|b 2620002204
|c TK-A-0257.822
|l MZK
|r Sklad / do 24 hodin
|n 2
|p kup
|w 000052096
|u 000010
|a 1
|e BOA001
|j MZK50
|s A
|
| 996 |
7 |
|
|b 2620002205
|c TK-A-0257.822
|l MZK
|r Sklad / do 24 hodin
|n 2
|p kup
|w 000052096
|u 000020
|a 1
|e BOA001
|j MZK50
|s A
|